Bytový dom

Guardado en:
Detalles Bibliográficos
Autor principal: Dadykinová, Zuzana (Autor)
Otros Autores: Dlhý, Dušan (Orientador)
Formato: Manuscrito Libro
Lenguaje:eslovaco
Publicado: 2024
Materias:
Acceso en línea:http://is.stuba.sk/zp/portal_zp.pl?podrobnosti=155706
https://opac.crzp.sk/?fn=detailBiblioForm&sid=E866CA411CD4E51490B68769BB2C
Etiquetas: Agregar Etiqueta
Sin Etiquetas, Sea el primero en etiquetar este registro!

MARC

LEADER 00000ntm a22000003a 4500
001 stuzp99335
003 SK-STU
005 20240917094139.6
007 ta
008 150427s2015----xo-----f-mn---000-0-slo-d
040 |a STU  |b slo 
041 0 |a slo 
100 1 |a Dadykinová, Zuzana  |u 010180  |4 aut  |U SvF Stavebná fakulta  |T SvF Katedra konštrukcií pozemných stavieb  |X 103636  |U V180  |Y 18  |7 103636 
242 0 1 |a Residential building  |y eng 
245 1 0 |a Bytový dom 
260 |c 2024 
650 4 |a konštrukcia  |2 slo 
650 4 |a novostavba  |2 slo 
650 4 |a Brestovany  |2 slo 
650 4 |a projekt na realizáciu  |2 slo 
650 4 |a bytový dom  |2 slo 
650 4 |a construction  |2 eng 
650 4 |a new building  |2 eng 
650 4 |a Brestovany  |2 eng 
650 4 |a project for realization  |2 eng 
650 4 |a apartment house  |2 eng 
700 1 |a Dlhý, Dušan  |u 010180  |k Z1  |4 ths  |U SvF Stavebná fakulta  |T SvF Katedra konštrukcií pozemných stavieb  |X 712  |U V180  |Y 18  |7 A000000712 
856 4 |u http://is.stuba.sk/zp/portal_zp.pl?podrobnosti=155706 
856 4 |u https://opac.crzp.sk/?fn=detailBiblioForm&sid=E866CA411CD4E51490B68769BB2C